[Event "BL2 West 1617 (Women)"]
[Site "Germany"]
[Date "2017.01.22"]
[Round "4.5"]
[White "Reimers, Christine"]
[Black "Buechle, Regina"]
[Result "0-1"]
[WhiteElo "1531"]
[BlackElo "1885"]
[PlyCount "104"]
[EventDate "2016.10.22"]
[EventType "team-tourn"]
[EventRounds "7"]
[EventCountry "GER"]
[SourceTitle "EXT 2018"]
[Source "ChessBase"]
[SourceDate "2017.10.13"]
[SourceVersion "1"]
[SourceVersionDate "2017.10.13"]
[SourceQuality "1"]
[WhiteTeam "Quickborn Holstein (W)"]
[BlackTeam "Wattenscheid (W)"]
[WhiteTeamCountry "GER"]
[BlackTeamCountry "GER"]

1. f4 d5 2. Nf3 Nf6 3. d3 g6 4. g3 Bg7 5. Bg2 0-0 6. 0-0 c6 7. h3 Nbd7 8. Kh2 Ne8 9. d4 Nd6 10. c3 e6 11. Nbd2 c5 12. Re1 Nf5 13. e3 Qc7 14. Ne5 f6 15. Nxd7 Bxd7 16. dxc5 Qxc5 17. Nb3 Qc7 18. e4 dxe4 19. Bxe4 Nd6 20. Bg2 Kh8 21. Qd3 Rad8 22. Qf1 e5 23. Qg1 b6 24. a4 Nc4 25. Bf1 Be6 26. Bxc4 Bxc4 27. Nd2 exf4 28. Nxc4 fxg3+ 29. Qxg3 Qxc4 30. Re7 Rfe8 31. b3 Rxe7 32. bxc4 Re2+ 33. Qg2 Rxg2+ 34. Kxg2 f5 35. Ra3 Rd3 36. a5 Rxc3 37. Rxc3 Bxc3 38. axb6 axb6 39. Be3 Ba5 40. Kg3 Kg7 41. h4 Kf6 42. Kf4 h6 43. Bd4+ Ke6 44. Bg7 Be1 45. Bd4 Bxh4 46. Bxb6 g5+ 47. Kf3 g4+ 48. Ke2 f4 49. Bd4 f3+ 50. Kf1 Bf6 51. Be3 h5 52. Kg1 g3 0-1

[Event "BL2 West 1415 (Women)"]
[Site "Germany"]
[Date "2015.03.28"]
[Round "6.3"]
[White "Buechle, Regina"]
[Black "Waechter, Nathalie"]
[Result "1/2-1/2"]
[WhiteElo "1974"]
[BlackElo "1754"]
[PlyCount "69"]
[EventDate "2014.09.27"]
[EventType "team-tourn"]
[EventRounds "7"]
[EventCountry "GER"]
[SourceTitle "CBM 166 Extra"]
[Source "ChessBase"]
[SourceDate "2015.06.18"]
[SourceVersion "1"]
[SourceVersionDate "2015.06.18"]
[SourceQuality "1"]
[WhiteTeam "Wattenscheid (W)"]
[BlackTeam "Harksheide (W)"]
[WhiteTeamCountry "GER"]
[BlackTeamCountry "GER"]

1. d4 d5 2. Nf3 Nf6 3. c4 e6 4. cxd5 exd5 5. Bg5 Be7 6. Qc2 0-0 7. e3 Ne4 8. Bxe7 Qxe7 9. Bd3 f5 10. 0-0 c6 11. Nc3 Nd7 12. Rab1 Ng5 13. Nxg5 Qxg5 14. Rbe1 Nf6 15. f3 Bd7 16. Kh1 Rae8 17. Qf2 f4 18. e4 dxe4 19. Bc4+ Be6 20. Bxe6+ Rxe6 21. Nxe4 Qh6 22. Nxf6+ Qxf6 23. Re4 Qf5 24. Rfe1 Rh6 25. Qd2 Qh5 26. h3 Qf5 27. Re5 Qc8 28. Kh2 Rd6 29. Qb4 Rd7 30. Qc4+ Kh8 31. Qe6 Rdd8 32. d5 cxd5 33. Qxc8 Rxc8 34. Rxd5 Rc2 35. Rb5 1/2-1/2

[Event "Ruhrgebiet Verbandsliga Gruppe 2 1415"]
[Site "Germany"]
[Date "2015.02.08"]
[Round "6"]
[White "Buechle, Regina"]
[Black "Blank, Stephan"]
[Result "1/2-1/2"]
[WhiteElo "1812"]
[BlackElo "1857"]
[PlyCount "35"]
[EventDate "2014.09.21"]
[EventType "team-tourn"]
[EventRounds "9"]
[EventCountry "GER"]
[SourceTitle "EXT 2022"]
[Source "ChessBase"]
[SourceDate "2021.10.06"]
[SourceVersion "1"]
[SourceVersionDate "2021.10.06"]
[SourceQuality "1"]
[WhiteTeam "Wattenscheid SV III"]
[BlackTeam "Essen Werden"]
[WhiteTeamCountry "GER"]
[BlackTeamCountry "GER"]

1. d4 Nf6 2. Nf3 c5 3. c4 b5 4. cxb5 a6 5. Nc3 axb5 6. e3 b4 7. Na4 cxd4 8. exd4 Qa5 9. Nc5 d6 10. Nb3 Qb6 11. Be3 g6 12. h3 Bg7 13. Be2 0-0 14. 0-0 Qb7 15. Ng5 Bd7 16. Bf3 Bc6 17. Bxc6 Qxc6 18. Qd3 1/2-1/2

[Event "NRW Verbandsliga Group2 1314"]
[Site "Nordrheinwestfalen"]
[Date "2013.10.13"]
[Round "2"]
[White "Bense, Dirk"]
[Black "Buechle, Regina"]
[Result "1-0"]
[WhiteElo "1920"]
[BlackElo "1828"]
[PlyCount "55"]
[EventDate "2013.09.08"]
[EventType "team-tourn"]
[EventRounds "9"]
[EventCountry "GER"]
[SourceTitle "EXT 2020"]
[Source "ChessBase"]
[SourceDate "2019.10.17"]
[SourceVersion "1"]
[SourceVersionDate "2019.10.17"]
[SourceQuality "1"]
[WhiteTeam "Brackel SF II"]
[BlackTeam "Wattenscheid SV IV"]
[WhiteTeamCountry "GER"]
[BlackTeamCountry "GER"]

1. e4 c5 2. Nf3 d6 3. d4 cxd4 4. Nxd4 Nf6 5. Nc3 e6 6. Bg5 Be7 7. Qd2 a6 8. 0-0-0 0-0 9. Kb1 b5 10. f3 Bb7 11. g4 Nbd7 12. h4 d5 13. Bxf6 Bxf6 14. exd5 exd5 15. g5 Bxd4 16. Qxd4 Nb6 17. Ne2 Re8 18. Nf4 Qd6 19. Bd3 Nd7 20. Be4 Qe5 21. Nxd5 Qxd4 22. Rxd4 Nc5 23. Nc7 Rad8 24. Rxd8 Rxd8 25. Bxb7 Nxb7 26. Nxa6 Rd4 27. c3 Rd3 28. Nc7 1-0

[Event "BL 1213 (Women)"]
[Site "Germany"]
[Date "2012.12.01"]
[Round "3.6"]
[White "Buechle, Regina"]
[Black "Nagel, Verena"]
[Result "0-1"]
[WhiteElo "1977"]
[BlackElo "2007"]
[PlyCount "70"]
[EventDate "2012.10.06"]
[EventType "team-tourn"]
[EventRounds "11"]
[EventCountry "GER"]
[SourceTitle "EXT 2014"]
[Source "ChessBase"]
[SourceDate "2013.11.20"]
[SourceVersion "1"]
[SourceVersionDate "2013.11.20"]
[SourceQuality "1"]
[WhiteTeam "Wattenscheid (W)"]
[BlackTeam "Grosslehna (W)"]
[WhiteTeamCountry "GER"]
[BlackTeamCountry "GER"]

1. d4 d5 2. Nf3 Nf6 3. c4 e6 4. cxd5 exd5 5. Bg5 Be7 6. Nc3 0-0 7. Qc2 h6 8. Bh4 c6 9. e3 Re8 10. Bd3 Ne4 11. Bxe7 Qxe7 12. 0-0 Nd7 13. Rab1 Ndf6 14. Ne5 Ng4 15. Nxg4 Bxg4 16. b4 Ng5 17. Bf5 Bxf5 18. Qxf5 Rad8 19. Rfc1 Rd6 20. b5 Rf6 21. Qd3 Rg6 22. Kh1 Qf6 23. f4 Ne4 24. Nxe4 Rxe4 25. bxc6 bxc6 26. Qd2 Qe7 27. Rb3 f5 28. h3 Rg3 29. Rxc6 Rexe3 30. Rxe3 Rxe3 31. Rc8+ Kh7 32. Rc5 Qe4 33. Qc2 Re1+ 34. Kh2 Qxf4+ 35. g3 Qf3 0-1

[Event "BL 1213 (Women)"]
[Site "Germany"]
[Date "2012.10.07"]
[Round "2.6"]
[White "Buechle, Regina"]
[Black "Rogozenco, Teodora Nana"]
[Result "1/2-1/2"]
[WhiteElo "1977"]
[BlackElo "1706"]
[PlyCount "74"]
[EventDate "2012.10.06"]
[EventType "team-tourn"]
[EventRounds "11"]
[EventCountry "GER"]
[SourceTitle "EXT 2013"]
[Source "ChessBase"]
[SourceDate "2012.11.22"]
[SourceVersion "1"]
[SourceVersionDate "2012.11.22"]
[SourceQuality "1"]
[WhiteTeam "Wattenscheid (W)"]
[BlackTeam "Hamburger SK (W)"]
[WhiteTeamCountry "GER"]
[BlackTeamCountry "GER"]

1. d4 Nf6 2. Nf3 g6 3. c4 Bg7 4. Nc3 0-0 5. e4 d6 6. Be2 e5 7. dxe5 dxe5 8. 0-0 Nbd7 9. h3 c6 10. Be3 Qe7 11. Qc2 Nh5 12. Ne1 Nf4 13. Bg4 Ne6 14. Bxe6 Qxe6 15. c5 f5 16. f3 f4 17. Bf2 Qe7 18. Nd3 Bf6 19. Rfd1 Bh4 20. Bxh4 Qxh4 21. b4 Qe7 22. Ne2 Nf6 23. Nb2 a5 24. a3 Be6 25. Nc4 Bxc4 26. Qxc4+ Kg7 27. Ra2 Rfd8 28. Rad2 Rxd2 29. Rxd2 Rd8 30. Qc3 Rxd2 31. Qxd2 Qd7 32. Qxd7+ Nxd7 33. Nc1 axb4 34. axb4 b5 35. cxb6 Nxb6 36. Nd3 Kf6 37. Kf2 g5 1/2-1/2

[Event "BL 1213 (Women)"]
[Site "Germany"]
[Date "2012.10.06"]
[Round "1.6"]
[White "Szewczuk, Mariola"]
[Black "Buechle, Regina"]
[Result "0-1"]
[WhiteElo "1908"]
[BlackElo "1977"]
[PlyCount "78"]
[EventDate "2012.10.06"]
[EventType "team-tourn"]
[EventRounds "11"]
[EventCountry "GER"]
[SourceTitle "EXT 2013"]
[Source "ChessBase"]
[SourceDate "2012.11.22"]
[SourceVersion "1"]
[SourceVersionDate "2012.11.22"]
[SourceQuality "1"]
[WhiteTeam "Guben (W)"]
[BlackTeam "Wattenscheid (W)"]
[WhiteTeamCountry "GER"]
[BlackTeamCountry "GER"]

1. f4 d5 2. Nf3 g6 3. e3 Bg7 4. a3 c5 5. Bb5+ Bd7 6. Qe2 Qb6 7. Bxd7+ Nxd7 8. Ra2 e6 9. b3 Ngf6 10. Bb2 0-0 11. 0-0 Rac8 12. Nc3 Rfd8 13. Nd1 a6 14. d3 Qc7 15. Ne5 b5 16. c4 bxc4 17. bxc4 Nb6 18. cxd5 exd5 19. Ng4 d4 20. e4 Nxg4 21. Qxg4 c4 22. dxc4 Nxc4 23. f5 Nxb2 24. Rxb2 d3 25. f6 Bf8 26. a4 Rb8 27. Rxb8 Qxb8 28. Qg5 Qb4 29. e5 Re8 30. Kh1 Qd4 31. Re1 d2 32. Re2 Bc5 33. Re3 Qa1 34. h4 Qxd1+ 35. Kh2 Bxe3 36. Qxe3 Qe1 37. Qh6 Qxe5+ 38. g3 Qe2+ 39. Kh3 Qf1+ 0-1

[Event "BL2 West 0809 (Women)"]
[Site "Germany"]
[Date "2009.03.08"]
[Round "7.5"]
[White "Kube, Hannelore"]
[Black "Buechle, Regina"]
[Result "1-0"]
[WhiteElo "2013"]
[BlackElo "2004"]
[PlyCount "75"]
[EventDate "2008.11.08"]
[EventType "team-tourn"]
[EventRounds "7"]
[EventCountry "GER"]
[SourceTitle "EXT 2010"]
[Source "ChessBase"]
[SourceDate "2010.11.25"]
[SourceVersion "1"]
[SourceVersionDate "2010.11.25"]
[SourceQuality "1"]
[WhiteTeam "Erfurt Medizin (W)"]
[BlackTeam "Wattenscheid (W)"]
[WhiteTeamCountry "GER"]
[BlackTeamCountry "GER"]

1. c4 Nf6 2. Nc3 e6 3. e4 d6 4. g3 c5 5. Bg2 Nc6 6. Nge2 Be7 7. 0-0 0-0 8. f4 Rb8 9. d3 a6 10. h3 Bd7 11. g4 b5 12. Ng3 Ne8 13. g5 g6 14. h4 Nd4 15. f5 exf5 16. Nd5 Ng7 17. Be3 Nc6 18. exf5 f6 19. Qd2 gxf5 20. Rae1 Ne5 21. Nxe7+ Qxe7 22. Bd5+ Kh8 23. g6 Be6 24. Bh6 Rg8 25. h5 bxc4 26. Bxe6 Qxe6 27. Bxg7+ Rxg7 28. Nxf5 Rbg8 29. Re3 hxg6 30. Nxg7 Rxg7 31. h6 Rh7 32. Rg3 g5 33. Qf2 Rxh6 34. d4 Nd3 35. Qf3 cxd4 36. Rxg5 fxg5 37. Qf8+ Qg8 38. Qxh6+ 1-0

[Event "BL2 West 0809 (Women)"]
[Site "Germany"]
[Date "2008.12.07"]
[Round "4.4"]
[White "Peters, Inken Dirtje"]
[Black "Buechle, Regina"]
[Result "0-1"]
[WhiteElo "1685"]
[BlackElo "2004"]
[PlyCount "76"]
[EventDate "2008.11.08"]
[EventType "team-tourn"]
[EventRounds "7"]
[EventCountry "GER"]
[SourceTitle "EXT 2010"]
[Source "ChessBase"]
[SourceDate "2010.11.25"]
[SourceVersion "1"]
[SourceVersionDate "2010.11.25"]
[SourceQuality "1"]
[WhiteTeam "Lehrte (W) II"]
[BlackTeam "Wattenscheid (W)"]
[WhiteTeamCountry "GER"]
[BlackTeamCountry "GER"]

1. Nf3 d5 2. d4 c6 3. g3 Nf6 4. Bg2 Bf5 5. Nbd2 e6 6. 0-0 h6 7. Re1 Be7 8. c4 0-0 9. b3 Nbd7 10. Bb2 Re8 11. Rc1 a5 12. Ne5 Qb6 13. Nxd7 Nxd7 14. e4 dxe4 15. Nxe4 Nf6 16. Bc3 Red8 17. c5 Qc7 18. Qe2 Nxe4 19. Bxe4 Bxe4 20. Qxe4 Bf6 21. Qg4 Rd5 22. Re4 Rad8 23. Rce1 b6 24. cxb6 Qxb6 25. Bd2 h5 26. Qf3 Bxd4 27. Be3 c5 28. Rh4 g6 29. Bh6 Rf5 30. Rf4 Rxf4 31. Qxf4 Rd5 32. Re2 Rf5 33. Qe4 Kh7 34. Bd2 c4 35. Bxa5 Bxf2+ 36. Kg2 Qxa5 37. Rxf2 Rxf2+ 38. Kxf2 Qxa2+ 0-1

[Event "BL2 West 0708 (Women)"]
[Site "Germany"]
[Date "2007.12.02"]
[Round "4.4"]
[White "Buechle, Regina"]
[Black "Zschischang, Marine"]
[Result "0-1"]
[WhiteElo "2021"]
[BlackElo "2031"]
[PlyCount "142"]
[EventDate "2007.11.10"]
[EventType "team-tourn"]
[EventRounds "7"]
[EventCountry "GER"]
[SourceTitle "EXT 2009"]
[Source "ChessBase"]
[SourceDate "2008.11.26"]
[SourceVersion "1"]
[SourceVersionDate "2008.11.26"]
[SourceQuality "1"]
[WhiteTeam "Wattenscheid (W)"]
[BlackTeam "Lehrte (W)"]
[WhiteTeamCountry "GER"]
[BlackTeamCountry "GER"]

1. d4 d5 2. Nf3 c6 3. c4 dxc4 4. e4 Bg4 5. Bxc4 e6 6. Nc3 Nf6 7. Be3 Be7 8. 0-0 0-0 9. a3 Nbd7 10. h3 Bh5 11. Qe2 e5 12. g4 Bg6 13. dxe5 Nxe4 14. Nxe4 Bxe4 15. Bf4 Nc5 16. Rad1 Bxf3 17. Qxf3 Qc8 18. Rd2 Ne6 19. Rfd1 Rd8 20. Be3 Rxd2 21. Rxd2 Qc7 22. Qf5 g6 23. Qe4 Rd8 24. Bxe6 fxe6 25. Rxd8+ Bxd8 26. Bh6 Qd7 27. Qf3 Be7 28. Qe2 Qd5 29. Bd2 Bc5 30. Bc3 Kf7 31. Kh2 b5 32. Kg3 Bb6 33. Qf3+ Qxf3+ 34. Kxf3 a5 35. Ke4 Bxf2 36. Bxa5 Ke7 37. Bc3 c5 38. b3 Kd7 39. a4 Kc6 40. axb5+ Kxb5 41. Kd3 Bh4 42. Bd2 Bd8 43. Bc3 Bh4 44. Bd2 Bf2 45. Bc3 Bg1 46. Ke4 Bf2 47. Kd3 Bg3 48. Ke4 Bh4 49. Kd3 Bd8 50. Bd2 Bb6 51. Bc3 Bc7 52. Ke4 Ba5 53. Kd3 Bb4 54. Bb2 Be1 55. Bc3 Bf2 56. Ke4 g5 57. Kd3 Bd4 58. Bxd4 cxd4 59. Kxd4 Kb4 60. Ke3 Kxb3 61. Kf3 Kc4 62. Kg3 Kd4 63. h4 h6 64. hxg5 hxg5 65. Kf3 Kd3 66. Kg3 Ke4 67. Kf2 Kf4 68. Ke2 Kxg4 69. Kf2 Kf4 70. Kg2 Kxe5 71. Kg3 Kd4 0-1

[Event "BL2 West 0708 (Women)"]
[Site "Germany"]
[Date "2007.11.10"]
[Round "1.5"]
[White "Leinenbach, Janine"]
[Black "Buechle, Regina"]
[Result "0-1"]
[WhiteElo "1608"]
[BlackElo "2020"]
[PlyCount "66"]
[EventDate "2007.11.10"]
[EventType "team-tourn"]
[EventRounds "7"]
[EventCountry "GER"]
[SourceTitle "EXT 2009"]
[Source "ChessBase"]
[SourceDate "2008.11.26"]
[SourceVersion "1"]
[SourceVersionDate "2008.11.26"]
[SourceQuality "1"]
[WhiteTeam "Wadgassen/Differten (W)"]
[BlackTeam "Wattenscheid (W)"]
[WhiteTeamCountry "GER"]
[BlackTeamCountry "GER"]

1. c4 Nf6 2. d4 c6 3. Nc3 d5 4. e3 e6 5. Bd3 dxc4 6. Bxc4 b5 7. Bb3 a6 8. Nf3 Nbd7 9. 0-0 Bb7 10. a3 Be7 11. Bc2 c5 12. dxc5 Nxc5 13. Nd4 0-0 14. b4 Ncd7 15. Bb2 Qb6 16. Nb3 Rfd8 17. Qb1 Rac8 18. Na5 Ba8 19. Rd1 Nf8 20. Rxd8 Rxd8 21. Ne4 Nd5 22. Bd4 Qc7 23. Nb3 f5 24. Nec5 Qc6 25. Na5 Qc8 26. Qb2 Bf6 27. Bxf6 Nxf6 28. Rd1 Rxd1+ 29. Bxd1 Qd8 30. Bb3 Qd6 31. Nab7 Qc6 32. Qe5 Bxb7 33. Nxb7 Qc1+ 0-1